|
|
|
|
| LEADER |
02475nam a2200613 i 4500 |
| 001 |
nkc20193078691 |
| 003 |
CZ PrNK |
| 005 |
20190429112611.0 |
| 007 |
ta |
| 008 |
190321s2018 xr f f 000 0 cze |
| 015 |
|
|
|a cnb003078691
|
| 020 |
|
|
|a 978-80-7509-619-7
|q (brožováno)
|
| 035 |
|
|
|a (OCoLC)1100762126
|
| 040 |
|
|
|a BOA001
|b cze
|d ABA001
|e rda
|
| 041 |
0 |
|
|a cze
|b cze
|b eng
|
| 072 |
|
7 |
|a 633
|x Rostlinná výroba
|2 Konspekt
|9 24
|
| 080 |
|
|
|a 633.95:542.61
|2 MRF
|
| 080 |
|
|
|a 547.262
|2 MRF
|
| 080 |
|
|
|a 547.56
|2 MRF
|
| 080 |
|
|
|a (083.744)
|2 MRF
|
| 100 |
1 |
|
|a Pluháčková, Helena,
|d 1983-
|7 mzk2014843460
|4 aut
|
| 245 |
1 |
0 |
|a Metodika šetrné extrakce z rostlinné matrice :
|b certifikovaná metodika /
|c Helena Pluháčková, Sylvie Běláková, Karolína Benešová, Zdeněk Svoboda, Lucie Horáčková, Rastislav Boško
|
| 250 |
|
|
|a Vydání: první
|
| 264 |
|
1 |
|a Brno :
|b Mendelova univerzita v Brně,
|c 2018
|
| 300 |
|
|
|a 19 stran ;
|c 22 cm
|
| 336 |
|
|
|a text
|b txt
|2 rdacontent
|
| 337 |
|
|
|a bez média
|b n
|2 rdamedia
|
| 338 |
|
|
|a svazek
|b nc
|2 rdacarrier
|
| 490 |
1 |
|
|a Certifikovaná metodika
|
| 500 |
|
|
|a Nad názvem: Mendelova univerzita v Brně, Agronomická fakulta, Ústav pěstování, šlechtění rostlin a rostlinolékařství
|
| 500 |
|
|
|a 35 výtisků
|
| 504 |
|
|
|a Obsahuje bibliografii
|
| 546 |
|
|
|a České a anglické resumé
|
| 650 |
0 |
7 |
|a rostlinné extrakty
|7 ph421557
|2 czenas
|
| 650 |
0 |
7 |
|a ethanol
|7 ph268193
|2 czenas
|
| 650 |
0 |
7 |
|a fenolické látky
|7 ph150572
|2 czenas
|
| 650 |
0 |
9 |
|a plant extracts
|2 eczenas
|
| 650 |
0 |
9 |
|a ethanol
|2 eczenas
|
| 650 |
0 |
9 |
|a phenolic compounds
|2 eczenas
|
| 655 |
|
7 |
|a certifikované metodiky
|7 fd806827
|2 czenas
|
| 655 |
|
9 |
|a certified methodology
|2 eczenas
|
| 700 |
1 |
|
|a Běláková, Sylvie,
|d 1974-
|7 uzp2012695182
|4 aut
|
| 700 |
1 |
|
|a Benešová, Karolína
|7 uzp2010555071
|4 aut
|
| 700 |
1 |
|
|a Svoboda, Zdeněk
|7 xx0009943
|4 aut
|
| 700 |
1 |
|
|a Horáčková, Lucie
|4 aut
|
| 700 |
1 |
|
|a Boško, Rastislav
|4 aut
|
| 710 |
2 |
|
|a Mendelova univerzita.
|b Ústav pěstování, šlechtění rostlin a rostlinolékařství
|7 olak2010609655
|4 isb
|
| 810 |
2 |
|
|a Mendelova univerzita.
|t Metodika
|0 s
|
| 910 |
2 |
|
|a BOA001
|b 2-1425.272
|
| 990 |
|
|
|a BK
|
| 995 |
|
|
|a 01
|
| 991 |
|
|
|b 201903
|c NOV
|
| 996 |
6 |
|
|b 2610774482
|c 2-1425.272
|l MZK
|r Sklad / do 1 hodiny
|n 0
|p p.v.
|w 001713472
|u 000010
|a 1
|e BOA001
|j MZK50
|s P
|
| 996 |
7 |
|
|b 2610774483
|c 2-1425.272
|l MZK
|r Sklad / do 1 hodiny
|n 2
|p p.v.
|w 001713472
|u 000020
|a 1
|e BOA001
|j MZK50
|s A
|